Catálogo

JUEGOS PARA ESTIMULAR LAS INTELIGENCIAS MULTIPLES (Registro nro. 51265)

Detalles MARC
000 -LEADER
fixed length control field 01020nam a2200205 a 4500
001 - CONTROL NUMBER
control field 51265
005 - DATE AND TIME OF LATEST TRANSACTION
control field 20180714040639.0
008 - FIXED-LENGTH DATA ELEMENTS--GENERAL INFORMATION
fixed length control field 140415s2006 sp 000 0 spa d
020 ## - INTERNATIONAL STANDARD BOOK NUMBER
International Standard Book Number 8427714106
041 ## - LANGUAGE CODE
Language code of text/sound track or separate title spa
082 ## - DEWEY DECIMAL CLASSIFICATION NUMBER
Classification number 153.9
Item number ANT
100 1# - MAIN ENTRY--PERSONAL NAME
Personal name ANTUNES, CELSO
245 10 - TITLE STATEMENT
Title JUEGOS PARA ESTIMULAR LAS INTELIGENCIAS MULTIPLES
250 ## - EDITION STATEMENT
Edition statement 2a ed.
260 ## - PUBLICATION, DISTRIBUTION, ETC.
Place of publication, distribution, etc. ESPAÑA :
Name of publisher, distributor, etc. NARCEA DE EDICIONES,
Date of publication, distribution, etc. 2006
300 ## - PHYSICAL DESCRIPTION
Extent 177
Dimensions 16.5 x 1.2 x 24
490 ## - SERIES STATEMENT
Series statement COLECCION EDUCACION ESPECIAL
520 ## - SUMMARY, ETC.
Summary, etc. ES UNA OBRA DESTINADA A PROFESORES DESDE EDUCACIÓN INFANTIL A SECUNDARIA, ESTUDIANTES DE MAGISTERIO Y PEDAGOGÍA, PSICÓLOGOS Y PSICOPEDAGÓGOS, DIRECTORES Y ADMINISTRADORES ESCOLARES, PADRES Y PROFESIONALES EN RECURSOS HUMANOS. ESTE LIBRO PROPONE MÁS DE 300 JUEGOS O PROPUESTAS DE ESTÍMULOS PARA TRABAJAR LAS INTELIGENCIAS:LINGUISTICA, LÓGICO MATEMÁTICA, EPACIAL ,MUSICAL, CINESTÉSICA-CORPORAL, NATURALISTA, PICTÓRICA Y PERSONAL.
650 14 - SUBJECT ADDED ENTRY--TOPICAL TERM
Topical term or geographic name entry element EDUCACION
General subdivision EMOCIONES
-- INTELIGENCIA
-- MEMORIA
Existencias
Withdrawn status Lost status Source of classification or shelving scheme Damaged status Not for loan Collection code Home library Current library Shelving location Date acquired Source of acquisition Inventory number Total Checkouts Total Renewals Full call number Barcode Date last seen Date last checked out Price effective from Koha item type
    Dewey Decimal Classification     General Biblioteca Karol Wojtyla Biblioteca Karol Wojtyla Sala general 03/12/2013 Compra 151000000000000000064340 25 13 153.9 ANT 76430 26/03/2026 25/02/2026 03/12/2013 Libro